00507nam a22001457a 4500003000400000005001700004008004100021040001400062100002400076245008700100260000900187300002900196500010300225504003300328OSt20171010095517.0120815t xxu||||| |||| 00| 0 eng d aMMSUcULS aSanchez, Gloria A.  aReliance of Ilocanos on traditional health practitioners (THPs)cGloria A. Sanchez c2001 axvi, 165 leaves c28 cm. aThesis (Ph.D. Rural Development) -- Mariano Marcos State University-Graduate School, Laoag City  aBibliography: leaves 147-150